000 00782nam a22002297a 4500
005 20170124110052.0
010 _aA-459690
020 _c00.00
_a8170186591
035 _aA-459690
037 _bCen Lib/Ret
040 _aDPL
_bEN
082 _a881
_bCHA
100 _aChattopadhyaya, Harindranath
_925556
245 _aLotte, the power of love :
_cby Harindranath Chattopadhyaya
_bthe life story of Lotte Nivelli /
260 _aDelhi
_bB. R. Publishing Corporation
_c1991
270 _a29/9, Nangia Park, Shakti Nagar
_bDelhi
_e110007
300 _a211p. :
_c21cm(Hb)
_bill.
490 _aNew world literature series
_v37
650 _aNeville, Lotte, -- 1906- -- Poetry
_925557
650 _aNivelli, Lotte, -- 1906-
_925558
942 _2ddc
_cEN
_h881
_mCHA
999 _c129147
_d129147